Strategic Management (Record no. 16026)

MARC details
000 -LEADER
fixed length control field 00407nam a2200169Ia 4500
008 - FIXED-LENGTH DATA ELEMENTS--GENERAL INFORMATION
fixed length control field 221030s9999 xx 000 0 und d
020 ## - INTERNATIONAL STANDARD BOOK NUMBER
ISBN 9339221834
041 ## - LANGUAGE CODE
Language code of text/sound track or separate title
100 ## - MAIN ENTRY--AUTHOR NAME
Personal name A. Kazmi
245 #0 - TITLE STATEMENT
Title Strategic Management
Statement of responsibility, etc by A. Kazmi, A. Kazmi
250 ## - EDITION STATEMENT
Edition statement 4th
260 ## - PUBLICATION, DISTRIBUTION, ETC. (IMPRINT)
Name of publisher McGraw - Hill Pub.
Place of publication New Delhi
Year of publication 2015
300 ## - PHYSICAL DESCRIPTION
Number of Pages 676
650 ## - SUBJECT ADDED ENTRY--TOPICAL TERM
Topical Term Management
700 ## - ADDED ENTRY--PERSONAL NAME
Personal name A. Kazmi
942 ## - ADDED ENTRY ELEMENTS (KOHA)
Koha item type Books
Holdings
Accession Number Cost, normal purchase price Bill Date Source of acquisition Price effective from Koha item type Withdrawn / writtenoff status Materials specified (bound volume or other part) Damaged status Not for loan Permanent Location Current Location Shelving location Date acquired Lost/ Missing status department
MBA 2995 585.00 3978 RKB 10/30/2022 Books   Print   Not For Loan MIET Library, Jammu MIET Library, Jammu BL-Academic Block B, FL-2, CUP-137, SH-4, R-4 12/22/2015   MBA
MBA 2996 585.00 3978 RKB 10/30/2022 Books   Print     MIET Library, Jammu MIET Library, Jammu BL-Aacdemic Block B, FL-2, CUP-136, SH-3, R-3 12/22/2015   MBA
MBA 2997 585.00 3978 RKB 10/30/2022 Books   Print     MIET Library, Jammu MIET Library, Jammu BL-Academic Block B, FL-2, CUP-136, SH-3, R-3 12/22/2015   MBA
MBA 3321 599.00 11580 RKB 10/30/2022 Books   Print   Not For Loan MIET Library, Jammu MIET Library, Jammu BL-Academic Block B, FL-2, CUP-67, SH-4, R-4 12/02/2016   MBA
MBA 3322 599.00 11580 RKB 10/30/2022 Books   Print     MIET Library, Jammu MIET Library, Jammu BL-Academic Block B, FL-2, CUP-136, SH-4, R-4 12/02/2016   MBA
MBA 3323 599.00 11580 RKB 10/30/2022 Books   Print     MIET Library, Jammu MIET Library, Jammu BL-Academic Block B, FL-2, CUP-136, SH-4, R-4 12/02/2016   MBA